[Event "Innsbruck op 5th"]
[Site "Innsbruck"]
[Date "2021.08.26"]
[Round "7"]
[White "Holzer, Manuel"]
[Black "Balint, Peter1"]
[Result "0-1"]
[WhiteElo "1824"]
[BlackElo "2027"]
[PlyCount "42"]
[EventDate "2021.08.21"]
[EventType "swiss"]
[EventRounds "9"]
[EventCountry "AUT"]
[SourceTitle "CBM 204 Extra"]
[Source "ChessBase"]
[SourceDate "2021.11.30"]
[SourceVersion "1"]
[SourceVersionDate "2021.11.30"]
[SourceQuality "1"]

1. d4 Nf6 2. c4 g6 3. f3 d5 4. cxd5 Nxd5 5. e4 Nb6 6. Nc3 Bg7 7. Be3 e5 8. d5 c6 9. Qd2 cxd5 10. exd5 Na6 11. 0-0-0 0-0 12. h4 Bd7 13. h5 Rc8 14. Kb1 Nb4 15. g4 Rxc3 16. bxc3 N4xd5 17. Bh6 Bxh6 18. Qxh6 Na4 19. Bc4 Qb6+ 20. Bb3 Naxc3+ 21. Ka1 Nxd1 0-1

[Event "Schwarzach op-B"]
[Site "Schwarzach"]
[Date "2009.08.16"]
[Round "2"]
[White "Plug, Arjan JH"]
[Black "Holzer, Manuel"]
[Result "1/2-1/2"]
[WhiteElo "1976"]
[BlackElo "1778"]
[PlyCount "55"]
[EventDate "2009.08.15"]
[EventType "swiss"]
[EventRounds "9"]
[EventCountry "AUT"]
[SourceTitle "CBM 132 Extra"]
[Source "ChessBase"]
[SourceDate "2009.11.03"]
[SourceVersion "1"]
[SourceVersionDate "2009.11.03"]
[SourceQuality "1"]

1. e4 d6 2. Nc3 g6 3. g3 Bg7 4. Bg2 e5 5. d3 Nc6 6. Nh3 Nge7 7. 0-0 0-0 8. f4 f5 9. fxe5 dxe5 10. exf5 gxf5 11. Be3 Nd4 12. Ne2 Nxe2+ 13. Qxe2 c6 14. Kh1 Nd5 15. Bc5 Re8 16. c4 Nf6 17. Rad1 f4 18. Ng5 Bg4 19. Bf3 Bxf3+ 20. Rxf3 b6 21. Bb4 c5 22. Bc3 Ng4 23. h4 Ne3 24. Rxe3 fxe3 25. Qh5 Qf6 26. Qxh7+ Kf8 27. Qe4 Kg8 28. Qh7+ 1/2-1/2